Nguyễn Thông, con người và tác phẩm /

Saved in:
Bibliographic Details
Main Author: Ca Văn Thỉnh
Other Authors: Bảo Định Giang
Format: Book (Paper)
Language:Vietnamese
Published: Tp. HCM : Trẻ, 2002
Subjects:
Tags: Add Tag
No Tags, Be the first to tag this record!
Institutions: Thư viện Trường Đại học Đà Lạt
LEADER 00886nam a2200337 4500
001 DLU030021701
003 ##DLU
005 ##20021230
008 ##021230t vn z000 vie d
040 # # |a DLU  |b vie 
041 # # |a vie 
044 # # |a vn 
082 # # |a 895.922 809  |b CA-T 
100 # # |a Ca Văn Thỉnh 
245 # # |a Nguyễn Thông, con người và tác phẩm /  |c Ca Văn Thỉnh, Bảo Định Giang 
260 # # |a Tp. HCM :  |b Trẻ,  |c 2002 
300 # # |a 350 tr. ;  |c 20 cm 
653 # # |a Nghiên cứu văn học 
653 # # |a Nguyễn Thông, 1827-1884 
653 # # |a Văn học Việt Nam 
653 # # |a Văn học yêu nước 
700 # # |a Bảo Định Giang 
992 # # |a 32000 
994 # # |a DLU 
900 # # |a True 
911 # # |a Thái Thị Thanh Thủy 
925 # # |a G 
926 # # |a A 
927 # # |a SH 
980 # # |a Thư viện Trường Đại học Đà Lạt